The Victoria falls (Record no. 61295)

MARC details
000 -LEADER
fixed length control field 00563nam a2200145 a 4500
008 - FIXED-LENGTH DATA ELEMENTS--GENERAL INFORMATION
fixed length control field 120416s1964 ||||||||||||||||| || u
050 ## - LIBRARY OF CONGRESS CALL NUMBER
Classification number DT 8789 Vic
245 14 - TITLE STATEMENT
Title The Victoria falls
Statement of responsibility, etc. edited by Brian M. Fagan
246 ## - VARYING FORM OF TITLE
Title proper/short title a handbook to Victoria falls, the Batoka gorge and part of the upper Zambezi river
250 ## - EDITION STATEMENT
Edition statement 2nd. ed.
260 ## - PUBLICATION, DISTRIBUTION, ETC.
Place of publication, distribution, etc. Livingstone
Name of publisher, distributor, etc. C.P.N.H.M.R
Date of publication, distribution, etc. 1964
300 ## - PHYSICAL DESCRIPTION
Extent 184p. : ill.
350 ## - PRICE (NR) (BK AM CF MU VM SE) [OBSOLETE]
Price 0.00
995 ## - RECOMMENDATION 995 [LOCAL, UNIMARC FRANCE]
-- 0.00
-- CBU-MAIN LIBRARY (Kitwe)
-- 1
-- 8.50
-- 1
-- AVAILABLE
-- Zambiana Collection
Holdings
Withdrawn status Lost status Source of classification or shelving scheme Damaged status Not for loan Home library Current library Shelving location Date acquired Total Checkouts Full call number Barcode Date last seen Price effective from Koha item type
          CBU-MAIN LIBRARY, KITWE. CBU-MAIN LIBRARY, KITWE.   11/30/2022   DT 8789 Vic 018650 11/30/2022 11/30/2022 MONOGRAPH